000 00607nam a2200205 a 4500
001 1132
003 BR-CuiBMT
005 20231129210446.0
008 231129s2002 mtba 000 0 por d
040 _aBR-CuiBMT
_cBR-CuiBMT
080 _22007
_a351.94:336.148
090 _dTCE/MT
_a351.94:336.148
_bT822r
110 1 _aTribunal de Contas do Estado de Mato Grosso
245 1 0 _aRegimento interno /
_cTribunal de Contas do Estado de Mato Grosso.
260 _aCuiabá :
_bTCE,
_c2002.
300 _a136 p. ;
_c22 cm
650 _aAdministração pública
650 _aRegimento interno
942 _2udc
_cLV
999 _c1132
_d1132